Udržateľnosť prvého piliera dôchodkového systému na Slovensku

Návrh opatrení, ktoré by viedli k udržateľnosti prvého piliera v blízkej budúcnosti. Navrhnuté opatrenia vychádzajú zo známych demografických prognóz, na základe ktorých sa vypočítali odhadnuté výšky deficitu. Odhad budúcej výšky deficitu prvého piliera pri jeho súčasnom nastavení. Definovanie zákla...

Descrizione completa

Salvato in:
Dettagli Bibliografici
Autore principale: Kabina, Tomáš
Natura: Capitolo di libro
Lingua:slovacco
Soggetti:
Tags: Aggiungi Tag
Nessun Tag, puoi essere il primo ad aggiungerne!!

MARC

LEADER 00000naa a2200000 4500
001 0194958
005 20221020084555.8
041 0 |a slo 
044 |a SK 
245 1 0 |a Udržateľnosť prvého piliera dôchodkového systému na Slovensku  |c Tomáš Kabina 
520 |a Návrh opatrení, ktoré by viedli k udržateľnosti prvého piliera v blízkej budúcnosti. Navrhnuté opatrenia vychádzajú zo známych demografických prognóz, na základe ktorých sa vypočítali odhadnuté výšky deficitu. Odhad budúcej výšky deficitu prvého piliera pri jeho súčasnom nastavení. Definovanie základných parametrov, ktorých zmenou sa dá znižovať budúci deficit. Návrh opatrení, ktoré znížia deficit na dostatočne nízku úroveň. 
610 2 0 |a Slovensko 
610 2 0 |a rozvoj trvalo udržateľný 
610 2 0 |a systémy dôchodkové 
610 2 0 |a rozpočet štátny 
610 2 0 |a poistenie dôchodkové 
100 1 |a Kabina, Tomáš